[Event "St Petersburg op"]
[Site "St Petersburg"]
[Date "1993.??.??"]
[Round "?"]
[White "Yandemirov, Valeri"]
[Black "Shneider, Aleksandr"]
[Result "1-0"]
[WhiteElo "2490"]
[BlackElo "2560"]
[PlyCount "117"]
[EventDate "1993.10.??"]
[EventType "swiss"]
[EventRounds "9"]
[EventCountry "RUS"]
[SourceTitle "TD"]
[Source "ChessBase"]
[SourceDate "1994.03.01"]
[SourceVersion "1"]
[SourceVersionDate "1994.03.01"]
[SourceQuality "1"]

1. e4 c5 2. Nf3 d6 3. d4 cxd4 4. Qxd4 a6 5. Be3 Nc6 6. Qb6 Qxb6 7. Bxb6 Nf6 8.
Nc3 Bg4 9. Be2 Rc8 10. O-O-O e6 11. Rhe1 Be7 12. Nd2 Bxe2 13. Rxe2 Nd7 14. Be3
b5 15. a4 Rb8 16. axb5 axb5 17. Nb3 O-O 18. Nd4 Nxd4 19. Rxd4 b4 20. Nb1 b3 21.
cxb3 Rxb3 22. Rc2 Nc5 23. Nd2 Rbb8 24. Kd1 Rfd8 25. Rdc4 Nd3 26. Rc7 Bf8 27. b3
Nb4 28. Rc1 d5 29. Ba7 Ra8 30. exd5 Nxd5 31. Rb7 g6 32. g3 Bh6 33. Rc2 Nc3+ 34.
Rxc3 Bxd2 35. Rcc7 Be3+ 36. Kc2 Bxa7 37. Rxa7 Rxa7 38. Rxa7 Rd5 39. b4 Kf8 40.
Kc3 h5 41. Ra2 Ke7 42. Rd2 Re5 43. Kc4 Re1 44. b5 Rc1+ 45. Kb4 Rb1+ 46. Kc5
Rc1+ 47. Kb6 g5 48. Ra2 Rb1 49. Ka6 Kd7 50. b6 Kc6 51. Rc2+ Kd6 52. b7 f5 53.
Ka7 Ra1+ 54. Kb8 Kd7 55. Rd2+ Ke7 56. Rd4 Ra2 57. Kc7 Rc2+ 58. Kb6 Rb2+ 59. Kc6
1-0

[Event "Kstovo op"]
[Site "Kstovo"]
[Date "1994.??.??"]
[Round "9"]
[White "Yandemirov, Valeri"]
[Black "Aleksandrov, Aleksej"]
[Result "1-0"]
[WhiteElo "2535"]
[BlackElo "2525"]
[PlyCount "147"]
[EventDate "1994.08.??"]
[EventType "swiss"]
[EventRounds "9"]
[EventCountry "RUS"]
[SourceTitle "CBM 042 Extra"]
[Source "ChessBase"]
[SourceDate "1994.11.01"]
[SourceVersion "1"]
[SourceVersionDate "1994.11.01"]
[SourceQuality "1"]

1. e4 e5 2. Nf3 Nc6 3. d4 exd4 4. Nxd4 Nf6 5. Nc3 Bb4 6. Nxc6 bxc6 7. Bd3 d5 8.
exd5 Qe7+ 9. Qe2 Nxd5 10. Qxe7+ Kxe7 11. Bd2 Bxc3 12. bxc3 Be6 13. c4 Nb6 14.
Bb4+ Kd7 15. O-O-O Kc8 16. c5 Nd5 17. Ba6+ Kb8 18. Ba5 Bc8 19. Bc4 Be6 20. Ba6
Bc8 21. Bc4 Be6 22. Rhe1 a6 23. Bb3 Kb7 24. Rd3 Rae8 25. Bc4 Nf4 26. Rc3 Ra8
27. Bf1 Rhd8 28. g3 Ng6 29. Ra3 Nf8 30. Bc3 Nd7 31. Ra5 g6 32. Re4 Nb8 33. Rb4+
Kc8 34. Bd4 Bf5 35. Be3 Re8 36. Bg2 Ra7 37. Bf1 Re5 38. Rh4 h5 39. Rb4 Rb7 40.
Rba4 Ra7 41. Ra3 Bg4 42. h4 Rd5 43. Bd3 Rd7 44. R5a4 Re7 45. Rf4 Be6 46. Re4
Kd7 47. Bg5 Re8 48. Bf1 Kc8 49. Bc4 a5 50. Rae3 Kd7 51. Bxe6+ fxe6 52. Rd3+ Kc8
53. Red4 Na6 54. Rd8+ Rxd8 55. Rxd8+ Kb7 56. Rg8 a4 57. a3 Nxc5 58. Be3 Ra5 59.
Rxg6 Rb5 60. Bxc5 Rxc5 61. Rxe6 Kb6 62. Re4 Kb5 63. Kb2 Rf5 64. f4 c5 65. Re5
Rxe5 66. fxe5 Kc6 67. c4 Kd7 68. Kc3 Ke6 69. Kd3 Kxe5 70. Ke3 c6 71. Kf3 Kd4
72. g4 hxg4+ 73. Kxg4 Kxc4 74. h5 1-0

[Event "RUS-ch"]
[Site "Elista"]
[Date "1994.??.??"]
[Round "10"]
[White "Yandemirov, Valeri"]
[Black "Varavin, Viktor"]
[Result "1-0"]
[WhiteElo "2535"]
[BlackElo "2510"]
[PlyCount "87"]
[EventDate "1994.09.??"]
[EventType "swiss"]
[EventRounds "11"]
[EventCountry "RUS"]
[SourceTitle "CBM 044"]
[Source "ChessBase"]
[SourceDate "1995.02.01"]
[SourceVersion "1"]
[SourceVersionDate "1995.02.01"]
[SourceQuality "1"]

1. e4 e5 2. Nf3 Nc6 3. Bb5 a6 4. Bxc6 dxc6 5. Nc3 Qd6 6. d4 f6 7. dxe5 fxe5 8.
Bg5 h6 9. Bh4 Ne7 10. Bg3 Bg4 11. Bxe5 Bxf3 12. Bxd6 Bxd1 13. Bxe7 Bxc2 14.
Bxf8 Rxf8 15. Ke2 Rd8 16. Rac1 Bd3+ 17. Ke3 Bc4 18. Rhd1 Rd6 19. f4 h5 20. g3
g6 21. e5 Rxd1 22. Rxd1 Ke7 23. a3 Bb3 24. Rd2 b6 25. Ne4 a5 26. Ng5 Rd8 27.
Rxd8 Kxd8 28. h3 c5 29. g4 hxg4 30. hxg4 Bc2 31. Ne4 Ke7 32. f5 gxf5 33. gxf5
a4 34. f6+ Kd7 35. f7 Ke7 36. e6 Bb3 37. Ng5 Bc2 38. Kf4 b5 39. Ne4 c4 40. Nf6
Bg6 41. Ke5 Bxf7 42. Nd5+ Kf8 43. exf7 c6 44. Nc3 1-0

[Event "RUS-ch"]
[Site "Elista"]
[Date "1995.??.??"]
[Round "7"]
[White "Goldin, Alexander"]
[Black "Yandemirov, Valeri"]
[Result "0-1"]
[WhiteElo "2585"]
[BlackElo "2460"]
[Annotator "Ftacnik,L"]
[PlyCount "142"]
[EventDate "1995.10.??"]
[EventType "swiss"]
[EventRounds "11"]
[EventCountry "RUS"]
[SourceTitle "CBM 050"]
[Source "ChessBase"]
[SourceDate "1996.02.01"]
[SourceVersion "1"]
[SourceVersionDate "1996.02.01"]
[SourceQuality "1"]

1. d4 Nf6 2. c4 g6 3. g3 c6 4. Bg2 d5 5. Nf3 Bg7 6. O-O O-O 7. b3 dxc4 (7... c5
8. cxd5 (8. Nbd2 cxd4 9. Nxd4 e5 10. Nb5 a6 11. Nc3 d4 12. Nd5 Nc6 13. Ba3 Re8
14. Bc5 Nxd5 15. cxd5 Ne7 16. e4 dxe3 17. fxe3 Nxd5 {Manor,I-Brestian,E/Bern
zt (06) ;CBM 17 1990/1/2-1/2 (56)}) 8... Nxd5 9. Bb2 Nc6 10. Qd2 Nc7 11. Rd1
Bg4 12. d5 Bxb2 13. Qxb2 e6 14. Nc3 exd5 15. Ne4 Bxf3 16. exf3 d4 17. Nxc5 {
Vospernik,Z-Zelic,Ml/Bled op ;TD 94\02 1994/1-0 (30)}) 8. bxc4 c5 9. Bb2 (9. e3
Nc6 (9... Qc7 10. Na3 Rd8 11. Qb3 Nc6 12. Nb5 Qb8 13. dxc5 Ne4 14. Rb1 Nxc5 15.
Qa3 Bf5 16. Rb2 Nd3 17. Rd2 Nxc1 18. Qxc1 a6 19. Nbd4 Be4 20. Rfd1 Qc7 21. Bh3
h6 22. Qa3 Na5 23. Qb4 e5 24. Ne6 fxe6 25. Bxe6+ Kh7 26. Rd7 Bxf3 27. Qe7 {
0-1 Yukovic,D-Schuh,H/Buehl 25' (07) ;GER 04 1992}) 10. Bb2 Ne4 11. Nbd2 Nxd2
12. Qxd2 cxd4 13. exd4 Bg4 14. d5 Bxf3 15. Bxf3 Ne5 16. Be2 Rc8 17. Rac1 b6 18.
Rfe1 Nd7 19. Bxg7 Kxg7 20. Bg4 Rc5 21. Bxd7 Qxd7 22. Re4 Rfc8 {1/2-1/2 Djubek,
B-Michal,S/SVK-chT2 9495 (14) ;EXT 95ch 1995 (28)}) 9... Qb6 (9... Ne8 10. Qd2
Nd6 11. Na3 Qb6 12. Ne5 cxd4 13. Bxd4 Qc7 14. Qb2 f6 15. Nd3 Nc6 16. Bc3 e5 17.
Nb5 Qe7 18. Bxc6 bxc6 19. Nxd6 Qxd6 {Matlak,M-Tseshkovsky,V/POL-chT Lubniewice
(06) ;EXT 95ch 1995/1-0 (70)}) 10. Qc1 (10. Qb3 Nfd7 11. e3) 10... cxd4 11.
Nxd4 Nc6 12. Nxc6 (12. Rd1 Rd8 13. Nxc6 Rxd1+ 14. Qxd1 bxc6 $10) 12... bxc6 13.
Nd2 Be6 14. Rb1 Qa6 (14... Qc7 15. Rd1 Rfd8 16. Qc2) 15. Ba3 Rfe8 16. Rb3 Nd7
17. Qc2 Rac8 18. Rc1 (18. Rd1 Ne5) 18... Nb6 19. Bc5 Qa5 20. Be3 (20. Bb4 Qh5
$13) 20... Red8 21. Rd3 c5 (21... Bf5 22. Ne4) 22. Nb3 Qa4 23. Qd2 $6 (23.
Rxd8+ $5 Rxd8 24. Bxc5 Nxc4 25. Bxe7 $16) 23... Qe8 24. Rd1 (24. Bxc5 Nxc4 $10)
24... Rd6 $1 (24... Rxd3 25. exd3 Na4 $13) 25. Bxc5 (25. Rxd6 exd6 26. Qxd6
Nxc4 27. Qf4 Nxe3 28. Qxe3 c4 $15) 25... Nxc4 26. Qb4 Rxd3 27. Rxd3 (27. exd3
Nb2 28. Rd2 Bf5 $15) 27... Rb8 28. Qxb8 $5 (28. Qe1 Nb2 29. Re3 a6 $15) 28...
Qxb8 29. Bxe7 Qc7 30. Rd8+ Bf8 31. Rxf8+ Kg7 32. Bc5 (32. Re8 h6 33. Bf8+ Kh7
$15) 32... Na5 (32... Nd2 33. Re8 Nxb3 34. Bf8+) 33. Re8 Nxb3 34. Bf8+ Kf6 (
34... Kg8 $4 35. Bh6#) 35. Be7+ Qxe7 $5 (35... Ke5 36. axb3 Qd7 (36... Qc1+ 37.
Bf1 h6 $15) 37. f4+ Kf5 38. Bg5 Qxe8 39. g4+ $1 Kxg4 40. Bf3+ Kh3 41. Bg2+ $10)
36. Rxe7 Kxe7 37. axb3 Bxb3 38. Kf1 Kd6 39. Ke1 Kc5 40. Kd2 Kb4 41. Bc6 a5 42.
e4 a4 43. e5 (43. Bxa4 Bxa4 $19) 43... a3 44. Kc1 Kc3 45. Kb1 Kd4 46. f4 Be6
47. Be8 (47. Bf3 Ke3 48. Bd1 Kf2 (48... h5 49. f5 gxf5 50. Bxh5 Kf2 51. Bd1 Kg2
52. h4 Kxg3 53. h5 f4 54. h6 Bf5+ 55. Ka2 f3 56. Kxa3 Bd3 57. Bxf3 Kxf3 $19)
49. g4 Ke3 50. f5 Bd5 51. e6 fxe6 52. f6 a2+ 53. Kb2 e5 54. Ba4 Kf4 55. Be8
Kxg4 56. f7 Bxf7 57. Bxf7 Kh3 58. Bxa2 Kxh2 $19) 47... Ke3 48. Ka1 (48. f5 gxf5
$19) 48... h5 49. Bc6 h4 (49... Kf2 50. Bb7 Kg1 51. h3 Bxh3 52. Ka2 Kf2 53.
Kxa3 Kxg3 $19) 50. f5 (50. gxh4 Kxf4 $19) 50... Bxf5 (50... gxf5 51. gxh4 Kf4
52. h5 Kxe5 53. h4 Kf6 $19) 51. gxh4 Be6 52. Ba4 Kf4 53. Bd1 Kxe5 54. h5 (54.
Be2 Kf4 55. Bd1 f5 $19) 54... gxh5 55. Bxh5 f5 56. h4 f4 57. Bd1 Kf6 58. Bf3
Kg6 59. Bd1 Kh6 60. Be2 Bf7 61. Bf3 Bh5 62. Bc6 Bg4 63. Ka2 (63. Be8 Be6 64.
Kb1 f3 $19) 63... Kh5 64. Kxa3 Kxh4 65. Kb2 Kg3 66. Kc3 Bh3 (66... Bf3 67. Ba4
Bg2 68. Bd1) 67. Kd2 Bg2 68. Bb5 f3 69. Ke3 f2 70. Bc4 Bh3 71. Bb5 Kg2 (71...
Kg2 72. Kf4 Kg1 73. Kg3 Bf1 74. Bd7 Bc4 75. Bh3 Bd5 76. Kf4 Bg2 $19) 0-1

[Event "RUS-Cup9"]
[Site "Novgorod"]
[Date "1997.06.12"]
[Round "2"]
[White "Yandemirov, Valeri"]
[Black "Korneev, Oleg"]
[Result "1-0"]
[WhiteElo "2500"]
[BlackElo "2590"]
[Annotator "Wedberg,T"]
[PlyCount "85"]
[EventDate "1997.06.11"]
[EventType "swiss"]
[EventRounds "9"]
[EventCountry "RUS"]
[SourceTitle "CBM 060"]
[Source "ChessBase"]
[SourceDate "1997.09.29"]
[SourceVersion "1"]
[SourceVersionDate "1997.09.29"]
[SourceQuality "1"]

1. e4 e5 2. Nf3 Nc6 3. Bb5 a6 4. Bxc6 dxc6 5. Nc3 f6 6. d4 exd4 7. Nxd4 c5 8.
Nde2 Qxd1+ 9. Nxd1 Bd7 10. Bf4 O-O-O 11. Ne3 Bc6 12. f3 Ne7 13. Rd1 Rxd1+ 14.
Kxd1 g5 15. Bg3 Bg7 (15... Bh6 16. Nc3 f5 17. Nxf5 Nxf5 18. exf5 g4 19. Ne4 Rf8
20. f6 $2 (20. Ke2 $11) 20... gxf3 21. gxf3 Rxf6 $1 22. Nxf6 Bxf3+ 23. Ke1 Bxh1
$17 {0-1 Yandemirov,V-Stevic,H/EUCup Gr4 Balatonbereny 1994/CBM 43 (41)}) 16.
h4 h5 (16... h6 17. Kc1 Re8 18. hxg5 fxg5 19. Be1 Bd7 20. Bc3 Bf8 21. Ng3 $16 {
Yandemirov,V-Stripunsky,A/Miedzybrodzie 1991/TD 91\08/1-0 (77)}) 17. Be1 $1 $14
f5 $6 (17... Rd8+ 18. Kc1 g4 19. Ng3 Bh6 20. Bd2 $14) 18. exf5 g4 19. fxg4 Rd8+
20. Kc1 hxg4 21. Rf1 Bh6 22. Nf4 Rf8 23. Bd2 g3 (23... Nxf5 $2 24. Ne6 $1 Nxe3
25. Rxf8+ Bxf8 26. Nxf8 Nxg2 27. h5 $18) 24. Ng6 $16 Re8 (24... Nxg6 $2 25.
fxg6 Rxf1+ 26. Nxf1 Bxg2 27. Nxg3 $18) 25. Ng4 Bxg2 26. Nxe7+ Rxe7 27. Rg1
Bxd2+ 28. Kxd2 Be4 29. f6 Rh7 30. Rxg3 Bd5 31. Ne5 Rxh4 32. f7 Rh8 33. c4 Be6
34. Rf3 Bxf7 (34... Rf8 35. Rf6 $18) 35. Rxf7 b6 36. Rf3 Kb7 37. Kc3 Rh7 38.
Ng4 b5 39. a3 Re7 40. Nf2 Kb6 41. Nd3 c6 42. Rf5 Re3 43. Kd2 1-0

[Event "RUS-Cup9"]
[Site "Novgorod"]
[Date "1997.06.19"]
[Round "7"]
[White "Yandemirov, Valeri"]
[Black "Vyzmanavin, Alexey"]
[Result "1-0"]
[WhiteElo "2500"]
[BlackElo "2585"]
[PlyCount "89"]
[EventDate "1997.06.11"]
[EventType "swiss"]
[EventRounds "9"]
[EventCountry "RUS"]
[SourceTitle "CBM 060"]
[Source "ChessBase"]
[SourceDate "1997.09.29"]
[SourceVersion "1"]
[SourceVersionDate "1997.09.29"]
[SourceQuality "1"]

1. e4 c6 2. d4 d5 3. Nd2 dxe4 4. Nxe4 Nd7 5. Ng5 Ngf6 6. Bd3 e6 7. N1f3 Bd6 8.
Qe2 h6 9. Ne4 Nxe4 10. Qxe4 Qc7 11. Qg4 Kf8 12. O-O b6 13. Re1 Bb7 14. Bd2 Nf6
15. Qh4 c5 16. Ne5 Rd8 17. Rad1 a5 18. Bc3 Bxe5 19. dxe5 Nd5 20. Bd2 Qe7 21.
Qh3 Nb4 22. Bxb4 axb4 23. Bf1 g6 24. Rxd8+ Qxd8 25. a3 Kg7 26. axb4 cxb4 27.
Qg4 Qe7 28. Rd1 Bd5 29. Rd4 Ra8 30. Rxb4 Ra1 31. Qf4 g5 32. Qf6+ Qxf6 33. exf6+
Kxf6 34. f3 b5 35. Kf2 Rc1 36. Bd3 h5 37. Rxb5 g4 38. c4 Bc6 39. Rxh5 gxf3 40.
gxf3 Rd1 41. Be2 Rb1 42. Rc5 Ba4 43. Ra5 Bb3 44. Rb5 Rxb2 45. Rb4 1-0

[Event "RUS-Cup Final"]
[Site "Sochi"]
[Date "1997.09.18"]
[Round "2"]
[White "Ibragimov, Ildar"]
[Black "Yandemirov, Valeri"]
[Result "0-1"]
[WhiteElo "2585"]
[BlackElo "2500"]
[Annotator "Avrukh,B"]
[PlyCount "74"]
[EventDate "1997.09.17"]
[EventType "tourn"]
[EventRounds "11"]
[EventCountry "RUS"]
[EventCategory "13"]
[SourceTitle "CBM 062"]
[Source "ChessBase"]
[SourceDate "1998.01.31"]
[SourceVersion "1"]
[SourceVersionDate "1998.01.31"]
[SourceQuality "1"]

1. d4 {Tyomkin,D} Nf6 2. Nf3 g6 3. Bg5 Bg7 4. Nbd2 d5 5. e3 O-O 6. Be2 Nbd7 7.
O-O c6 8. c4 dxc4 (8... c5 9. cxd5 cxd4 10. Nxd4 Nxd5 11. Nc4 $14 N7f6 $2 12.
Bf3 Bd7 $2 13. Qb3 $16 {[%csl Rb7]} (13. Bxf6 Nxf6 14. Bxb7 Rb8 15. Bf3 $16)
13... Qc7 14. Rac1 {[%csl Rc7][%cal Re3e4]} Rac8 15. e4 Nf4 16. e5 N6d5 17.
Bxd5 Nxd5 18. Nd6 $18 {Nikolic,B-Solomunovic,I/JUG-ch 1991/1-0(34)}) (8... Qb6
9. Qc2 Re8 10. cxd5 Nxd5 11. Nc4 Qc7 12. Bh4 $1 $14 {[%cal Gh4g3]} N7f6 13. Bg3
Bf5 14. Qb3 Qc8 15. Nfd2 Be6 16. Rfc1 Bh6 17. a4 a5 18. Qd1 Qd8 19. Qe1 Nb4 20.
Nb3 $14 {1/2-1/2 Soppe,G-Ricardi,P/Buenos Aires Naj pr 1992}) (8... Re8 9. Rc1
e5 10. cxd5 cxd5 11. Qb3 (11. dxe5 $5 Nxe5 12. Nxe5 Rxe5 13. Nf3 Re8 14. Qb3
$14) 11... e4 12. Ne1 h6 13. Bf4 Nf8 14. Bc7 Qe7 15. Be5 $14 {<->c} (15. Bb5
N8d7) 15... Rd8 (15... N8d7 16. Rc7) 16. Rc7 Rd7 17. Rc3 Ne6 18. Nc2 Ne8 19.
Bxg7 Kxg7 20. Rc1 Nf6 21. Qa3 Qxa3 22. Nxa3 $16 {Cifuentes Parada,R-Morris,P/
Copenhagen op 1992/1-0(28)}) (8... b6 $6 9. Qa4 Bb7 10. Rfd1 a5 11. Qc2 Re8 12.
cxd5 cxd5 13. Bb5 Ba6 14. Bxa6 Rxa6 15. Rac1 $16 {De Guzman,R-Ginting,N/Dubai
Asian Cities 1992/1-0(45)}) (8... h6 $5 9. Bh4 g5 10. Bg3 Ne4 11. Nxe4 dxe4 12.
Nd2 f5 13. f4 $2 (13. f3 $1 f4 14. Bf2) 13... c5 $1 14. Nb3 gxf4 15. exf4 (15.
Bxf4 cxd4 16. exd4 e5) 15... cxd4 16. Nxd4 Nc5 17. Bf2 Nd3 18. Bxd3 Bxd4 $17 {
Kroff-Tibensky/32nd Chess Olympiad, Yerevan 1996/0-1 (58)}) 9. Bxc4 Nb6 $146 (
9... Qe8 10. Qb3 (10. e4 $5 e5 $140 11. Bxf6 Bxf6 12. d5 $14) 10... e5 11. Bxf6
Bxf6 12. Ne4 exd4 13. Nxf6+ Nxf6 14. Nxd4 (14. exd4 $5 {[%csl Ge5,Rf7] <->e})
14... Qe7 15. Rad1 $14 {Ning Chunhong-Liu Xin/WchW stud Antwerpen 19921/2-1/2
(22)}) 10. Bb3 Bf5 11. Qe2 {[%cal Ge3e4]} Ne4 12. Nxe4 Bxe4 13. Rfd1 Bd5 14.
Nd2 (14. Bc2 Bc4 15. Qe1 $14) 14... a5 15. e4 $6 (15. Bc2 $142 $5) 15... Bxb3
16. axb3 Qd6 $1 $15 {[%csl Rb3,Rd4][%cal Gd6b4]} (16... Bxd4 $6 17. Nf3 c5 18.
Be3 e5 19. Nxe5 Re8 20. Qb5 $1 Qd6 (20... Rxe5 $2 21. Bxd4) 21. Bxd4 cxd4 22.
Rxa5 $1 Rxa5 $140 $2 23. Qxe8+) 17. Be3 (17. Nc4 Nxc4 18. Qxc4 (18. bxc4 $2
Bxd4) 18... Rfd8 $15) 17... Qb4 18. Nc4 Nxc4 19. bxc4 (19. Qxc4 Rfd8 $15 (19...
Qxc4 20. bxc4 Rfd8 $15)) 19... Rfd8 20. Qc2 a4 21. Bd2 $6 Qb3 22. Qxb3 axb3 23.
Rxa8 Rxa8 24. Bc3 (24. Be3 $6 Ra2 $17) 24... c5 25. Kf1 $4 (25. e5 $8 cxd4 26.
Bxd4 Rd8 (26... Ra4 27. c5) 27. f4 g5 28. Kf2 $1 (28. g3 $2 gxf4 29. gxf4 Bh6
$19) 28... gxf4 29. Ke2) (25. dxc5 $4 Bxc3 26. bxc3 b2 $19) 25... cxd4 $19 26.
Bb4 (26. Bxd4 Rd8 $19) 26... Ra4 27. Bxe7 Rxc4 {[%csl Rb2,Gb3,Gd4]} 28. f4 f5
$1 {[%cal Gg8f7] The black king decisively comes to the game} (28... Rc2 29.
Ba3) 29. e5 Kf7 30. Bh4 {[%cal Rh4f2]} Bf8 31. Bf2 Bc5 32. g3 Ke6 33. Rd3 Rc1+
34. Kg2 Rc2 35. Kf3 Kd5 36. Rxb3 (36. e6 Rxb2 37. Bxd4 $1 Bxd4 38. Rxd4+ Kxe6
$1 {with winning rooks' ending} 39. h3 Rc2 40. Rb4 b2 41. Rxb7 Kd5 $19 {
[%cal Gd5c4,Yc2c3,Yc3b3]}) 36... b6 $1 37. h4 $2 (37. Rd3 Rxb2 38. e6 $140 Rb4
$1 {[%csl Yd4][%cal Gd5e6]}) 37... Kc4 0-1

[Event "RUS-Cup Final"]
[Site "Sochi"]
[Date "1997.09.25"]
[Round "8"]
[White "Yandemirov, Valeri"]
[Black "Yakovich, Yuri"]
[Result "1-0"]
[WhiteElo "2500"]
[BlackElo "2610"]
[Annotator "Avrukh,B"]
[PlyCount "75"]
[EventDate "1997.09.17"]
[EventType "tourn"]
[EventRounds "11"]
[EventCountry "RUS"]
[EventCategory "13"]
[SourceTitle "CBM 062"]
[Source "ChessBase"]
[SourceDate "1998.01.31"]
[SourceVersion "1"]
[SourceVersionDate "1998.01.31"]
[SourceQuality "1"]

1. Nf3 {Tyomkin,D} d5 2. g3 c6 3. Bg2 Bg4 4. O-O Nd7 5. d4 e6 6. Nbd2 Ngf6 7.
c3 Be7 8. Re1 O-O 9. e4 dxe4 10. Nxe4 {Actually this is not a big deal to get
equality in this position.} Qb6 (10... Re8 11. Qb3 Nxe4 (11... Qb6 12. Ned2 Qc7
13. Nc4 b5 14. Nce5 Bxf3 15. Bxf3 Nxe5 16. Rxe5 Rab8 17. Re1 $14 {1/2-1/2
Dizdarevic Emir-Almasi Zoltan/Ch Croatia (team) st league), Makarska 1995}) 12.
Rxe4 Bf5 13. Re1 Qb6 14. Nd2 Bd3 15. Nc4 Qa6 16. Ne3 Nb6 17. a4 Nd5 18. Ng4 Bf5
19. Ne5 Qb6 20. Qd1 Rad8 21. h4 h6 22. Qh5 Rf8 23. Qe2 Bh7 $10 {
Dizdarevic-Petran, Lyon 1994}) 11. Nxf6+ (11. Ned2 c5 (11... Nd5 12. Qb3 h6 13.
Nc4 Qc7 14. a4 Bf5 15. a5 b5 16. axb6 $15 {1/2-1/2 Hug,W-Ekstrom,R/SWZ-ch
Zьrich-Luzern 1993}) (11... Qc7 12. Qb3 Rfe8 13. Nc4 Bxf3 14. Bxf3 Nd5 15. a4
a5 16. Bd2 Bf8 17. h4 h6 18. Re2 N7f6 19. Rae1 $14 {Strikovic-Mokry/32nd Chess
Olympiad, Yerevan 1996/0-1(60)}) 12. Qb3 $5 $146 (12. Nc4 {Notkin} Qa6 13. Qb3
(13. Ne3 Bxf3 (13... Bh5 14. Nf5 $14) 14. Qxf3 (14. Bxf3 cxd4 15. Qxd4 Rfd8 {
ףd4/}) 14... cxd4 15. cxd4 Rab8 $10) 13... cxd4 14. cxd4 (14. Nxd4 Nc5 15. Qb5
Qxb5 16. Nxb5 Nd3 17. Re3 Rad8 $15) 14... Rac8 15. Nfe5 (15. Ne3 Bxf3 16. Bxf3
Nb6 17. Nf5 Nfd5 $15) 15... b5 16. Ne3 Bh5 17. Nxd7 Nxd7 18. Bd2 Bf6 19. Bc3
Qb6 20. a4 Bxd4 $11 {Sherbakov,R-Burmakin,V/Russian Cup , Omsk RUS 1996/0-1(44)
}) 12... Qxb3 (12... Rfd8 13. Nc4) 13. axb3 cxd4 $6 14. Nxd4 Nc5 15. Re3 $16 {
[%csl Rb7][%cal Gb3b4] Ivanov,M-Fontaine,R/Enghien Les Bains 1997/1-0(45)}) (
11. Qb3 Nxe4 12. Rxe4 Bf5 13. Re1 a5 14. Ne5 a4 15. Nxd7 (15. Qxb6 $6 {Dolmatov
} Nxb6 16. g4 Bg6 17. Bf4 Nd5 18. Nxg6 hxg6 19. Bxd5 (19. Bd2 Bd6 $15) 19...
cxd5 $15 {Hug,W-Miles,A/Biel 1986/1/2-1/2(65)}) 15... Qc7 (15... axb3 $2 16.
Nxb6 Rxa2 17. Bf4 $18) 16. Qd1 (16. Qc4 Qxd7 17. Bf4 $10) 16... Qxd7 17. h4 h6
18. Qf3 Ra5 {1/2-1/2 Speelman,J-Huebner,R/BL 1996}) 11... Bxf6 12. Qb3 a5 (
12... Rfe8 13. Bf4 Bxf3 14. Bxf3 e5 15. dxe5 Nxe5 16. Be2 Qxb3 17. axb3 a6 18.
Be3 Rad8 $14 {/= Strikovic,A-Blagojevic,D/JUG-ch Banja Vrucica 1991/1/2-1/2(31)
}) 13. Bf4 (13. Qxb6 Nxb6 14. Ne5 Bxe5 15. Rxe5 a4 16. Bf1 $14 {Schekachev,
A-Krivosheya,S/Paris/1995/1-0/51/}) 13... a4 $1 $146 (13... Bf5 14. Bd6 Rfc8
15. Ne5 Qxb3 16. axb3 Nxe5 17. dxe5 Bd8 18. Ra3 $16 {[%csl Ra5][%cal Ge1a1,
Yb3b4] Drasko,M-Blagojevic,D/JUG-ch Podgorica 1996/1-0 (64)}) 14. Qxb6 Nxb6 {
Skipping the middlegame the game enters the endgame.} 15. Bd6 Rfe8 (15... Bxf3
$5 16. Bxf3 (16. Bxf8 Bxg2 17. Bc5 Nd7 $1 18. Kxg2 Nxc5 19. dxc5 a3 20. Rac1 (
20. Rab1 axb2 21. Re3 Rxa2 22. Rd3 Kf8 $15) 20... axb2 21. Rc2 Rxa2 22. Rb1 g6
23. Rbxb2 Rxb2 24. Rxb2 Bxc3 25. Rxb7 Bd4 $11) 16... Rfe8 {[%csl Rb2,Rc3,Rd4]
[%cal Gb6c4,Ga4a3]} 17. Be5 Bxe5 18. Rxe5 (18. dxe5 $6 Nc4 19. Re2 Ra5 20. Rae1
Rb5 $19) 18... a3 (18... f6 $6 19. Re2 Ra5 20. Rae1 Rb5 21. Be4 $16 {[%cal
Ge4d3]}) 19. b3 Nd5 20. Rc1 Rad8 $11) 16. Nd2 Bf5 17. Bf1 Be7 $6 (17... Nd5 $1
{[%csl Rd6][%cal Ga4a3]} 18. a3 Rad8 19. Be5 Be7 $1 (19... Bxe5 20. Rxe5 f6 21.
Ree1 e5 22. dxe5 fxe5 23. Nc4 e4 24. Rad1 $14) 20. c4 f6 21. cxd5 fxe5 22. dxc6
bxc6 23. Rxe5 Bf6 24. Ra5 Bxd4 25. Nc4 Rf8 $1 $15 {[%csl Rb2,Rf2]}) 18. Bxe7
Rxe7 19. Nc4 Nxc4 20. Bxc4 Ra5 (20... Rd7 $11) 21. b4 $1 axb3 $6 22. axb3 $14 {
<->a Open a-file and better pawn structure(black pawns are placed on the same
colour of his bishop)gives white an advantage.} Rxa1 23. Rxa1 Kf8 24. f3 Ke8
25. g4 Bc2 26. b4 Kd7 27. Kf2 Kd6 28. h4 e5 $2 (28... b5 $5 29. Be2 e5 30. Ra6
exd4 31. Bxb5 Rc7 32. cxd4 Kd5 33. Ba4 Bxa4 34. Rxa4 Kxd4 35. b5+ $11) (28...
h6 $14) 29. Ra2 $1 {[%csl Rc2]} Bd1 (29... b5 30. Bxb5 cxb5 31. Rxc2 $16) 30.
Rd2 Ba4 31. dxe5+ Kxe5 32. Kg3 $16 {[%csl Ra4,Re5] Suddenly black found itself
under attack!} Rc7 (32... g6 33. g5 $1 b5 34. f4+ Kf5 35. Bd3+ Ke6 36. f5+ $1
Ke5 $8 37. h5 $1 gxh5 (37... gxf5 38. Re2+ Kd6 39. Rxe7 Kxe7 40. Bxf5 f6 41.
Kf4 $18) 38. Re2+ Kd6 39. Rxe7 Kxe7 40. f6+ $18) 33. g5 h5 $4 {Careless play} (
33... Bb5 $1 34. Bb3 $1 {[%cal Rc3c4,Rb4b5]} (34. f4+ Kf5 35. Bb3 (35. Bxb5 $2
cxb5 36. Rd5+ Ke4 37. Rxb5 Kd3 $1) 35... Ke4 $1) 34... b6 $8 35. Rd4 $1 $16)
34. f4+ Kf5 35. Re2 $1 Bb5 36. Re5+ Kg6 37. f5+ Kh7 38. Bxf7 $1 1-0

[Event "Bayern-chI Bank Hofmann 2nd"]
[Site "Bad Wiessee"]
[Date "1998.12.05"]
[Round "8"]
[White "Epishin, Vladimir"]
[Black "Yandemirov, Valeri"]
[Result "0-1"]
[WhiteElo "2585"]
[BlackElo "2470"]
[PlyCount "66"]
[EventDate "1998.11.28"]
[EventType "swiss"]
[EventRounds "9"]
[EventCountry "GER"]
[SourceTitle "EXT 2001"]
[Source "ChessBase"]
[SourceDate "2000.11.22"]
[SourceVersion "1"]
[SourceVersionDate "2000.11.22"]
[SourceQuality "1"]

1. d4 Nf6 2. c4 g6 3. Nc3 d5 4. Nf3 Bg7 5. Bf4 O-O 6. Rc1 c6 7. cxd5 Nxd5 8.
Bg3 c5 9. Nxd5 Qxd5 10. Rxc5 Qxa2 11. e3 Be6 12. Bd3 Na6 13. Rb5 b6 14. Nd2
Rac8 15. Nb1 Bg4 16. f3 Bd7 17. Nc3 Qe6 18. O-O Bxb5 19. Bxb5 Nc7 20. Bxc7 Rxc7
21. Qe2 Rd8 22. f4 Qd6 23. h4 Rdc8 24. Rc1 Qf6 25. g3 Qe6 26. Kh2 Qb3 27. Ba6
Rd8 28. Rd1 e6 29. Kh3 Bf8 30. Bd3 Rdc8 31. e4 Bb4 32. Ba6 Rd8 33. Qb5 Rxc3 0-1

[Event "Linares Anibal op 07th"]
[Site "Linares"]
[Date "2000.01.16"]
[Round "10"]
[White "Yandemirov, Valeri"]
[Black "Minasian, Artashes"]
[Result "1-0"]
[WhiteElo "2472"]
[BlackElo "2598"]
[PlyCount "147"]
[EventDate "2000.01.07"]
[EventType "swiss"]
[EventRounds "10"]
[EventCountry "ESP"]
[SourceTitle "CBM 075"]
[Source "ChessBase"]
[SourceDate "2000.04.05"]
[SourceVersion "1"]
[SourceVersionDate "2000.04.05"]
[SourceQuality "1"]

1. c4 c5 2. Nf3 Nc6 3. Nc3 e5 4. g3 g6 5. Bg2 Bg7 6. d3 d6 7. Rb1 Nge7 8. O-O
h6 9. a3 f5 10. Nd5 Nxd5 11. cxd5 Ne7 12. b4 cxb4 13. Qa4+ Qd7 14. Qxb4 Nxd5
15. Qb3 Ne7 16. a4 g5 17. Ba3 Nc6 18. Rfc1 Bf8 19. d4 g4 20. Nh4 Nxd4 21. Qd1
Be7 22. e3 Bxh4 23. exd4 Bf6 24. dxe5 Bxe5 25. Bd5 Rb8 26. Rc4 Rh7 27. Rbc1 Kd8
28. Qb3 Re7 29. Qe3 b6 30. Qxh6 Ba6 31. Bc6 Qe6 32. Qf8+ Re8 33. Bxe8 Qxe8 34.
Qxe8+ Kxe8 35. Rc7 Rb7 36. Rxb7 Bxb7 37. Rc7 Be4 38. Rxa7 Kd8 39. Bc1 d5 40.
Bd2 d4 41. Bf4 d3 42. Bd2 Bc7 43. a5 bxa5 44. Kf1 Bd6 45. Bxa5+ Ke8 46. Bd2 Be7
47. Kg1 Kf8 48. Ra5 Kf7 49. h3 gxh3 50. Kh2 Ke6 51. Kxh3 Bf3 52. Rb5 Bd6 53.
Kh2 Be5 54. Kg1 Bd4 55. Rb3 Be4 56. Rb5 Bf3 57. Kf1 Be4 58. Ra5 Be5 59. Ke1 Bd4
60. Ra3 Kd5 61. Ra5+ Ke6 62. Rb5 Be5 63. Rb3 Bd6 64. Be3 Kd5 65. Rb6 Be5 66.
Rb5+ Ke6 67. Kd2 Bf6 68. Rb6+ Kf7 69. Ra6 Be5 70. Ra4 Ke6 71. Ra3 Kd5 72. Ra5+
Ke6 73. Ra6+ Kf7 74. Ra4 1-0